LEADER 00907nam a2200181 i 4500 001 000000054377 003 CaOOAMICUS 005 19970516000000.0 008 970516n xx u000 u fre u 013 $a25549 040 $aSeMil$bita 100 1 $aDebruyne, Leon.$0(OLS)http://semarc/name/27048 245 13$aLa conception du paien et du salut dans les encycliques missionnaires et le decret "Ad Gentes" :$bintroduction aux problemes theologiques de l'evangelisation. 650 4$aTeologia missionaria.$0(OLS)http://semarc/subject/5367 650 4$aTesi di laurea.$0(OLS)http://semarc/subject/1690 850 $aSeMil 852 $aSeMil$W1$xVenegono$y1$m2I I 463$j20531$B20531$CSeMilBibl$Z2$F20533 $81 996 $6245$aLa conception du paien et du salut dans les encycliques missionnaires et le decret "Ad Gentes" :$bintroduction aux problemes theologiques de l'evangelisation$9(OLS)http://semarc/title/84165